|
|
|
|
| LEADER |
00000nta a2200000 i 4500 |
| 001 |
dolg4664 |
| 005 |
20160302134504.0 |
| 008 |
151215suuuu hu om 000 hun d |
| 040 |
|
|
|a BGE Dolgozattár Repozitórium
|b hun
|
| 041 |
|
|
|a hu
|
| 100 |
1 |
|
|a Kelemen Erzsébet
|
| 245 |
1 |
0 |
|a Nyíregyházi Szc Teleki Blanka Szakközépiskolája, Szakiskolája és Kollégiuma szakmai oktatási színvonalának bemutatása
|c Kelemen Erzsébet
|h [elektronikus dokumentum]
|
| 695 |
|
|
|a Kompetencia
|
| 695 |
|
|
|a Szakmai oktatatás
|
| 700 |
1 |
|
|a Zimányi Dr. Krisztina
|e ths
|
| 856 |
4 |
0 |
|u http://dolgozattar.uni-bge.hu/4664/1/Szakdolgozat.pdf
|z Dokumentum-elérés
|